Statistiques concernant Les villes des équipes de la WHL

Cliquez ici pour prendre le quiz!

Statistiques générales

  • Ce quiz a été pris 2 fois
  • Le résultat moyen est 15 sur 22

Statistiques - réponses

HintRéponse% Correct
Oil KingsEdmonton
100%
BlazersKamloops
100%
RocketsKelowna
100%
PatsRegina
100%
ThunderbirdsSeattle
100%
AmericansTri-City
100%
GiantsVancouver
100%
RoyalsVictoria
100%
IceWinnipeg
100%
Wheat KingsBrandon
50%
HitmenCalgary
50%
SilvertipsEverett
50%
TigersMedicine Hat
50%
WarriorsMoose Jaw
50%
WinterhawksPortland
50%
CougarsPrince George
50%
RebelsRed Deer
50%
BladesSaskatoon
50%
ChiefsSpokane
50%
BroncosSwift Current
50%
HurricanesLethbridge
0%
RaidersPrince Albert
0%

Distribution des résultats

Percentile par nombre de réponses

% des personnes avec chaque résultat

Votre développement - résultats

Vous n’avez pas pris ce quiz